000 00777nam a2200217 a 4500
003 BLK
005 20250609085900.0
008 181122b bu ||||gr|||| 00| 0 bu d
020 _a9789542624646
040 _aBLK
041 _aBUL
_cBUL
080 _aБългарска литература
_b821.163.2
_z821.163.2-31
100 _9277642
_aЗарев, Владимир Пантелеев
_eпърви автор
139 _aЗарев, Владимир Пантелеев
_bЗ 34
245 _aИ аз слязох
_bРоман
_cВладимир Зарев
260 _9209439
_aПловдив
_bХермес
_c2025
300 _a176 с.
_c22 см
380 _aX
942 _cKNG
_n0
_018
999 _c531073
_d531073
944 _a30545
_cНора Радева
_k30530
_lМинев Младен